| 000 | 01033nam a22002297a 4500 | ||
|---|---|---|---|
| 999 |
_c64955 _d64955 |
||
| 005 | 20240530110759.0 | ||
| 008 | 190117s2017 ua ah g b 000 ||ara d | ||
| 017 |
_a2016/27058 _bمصر. دار الكتب |
||
| 020 | _a9789779110752 | ||
| 040 |
_aEG-CaGPL _cEG-CaGPL |
||
| 082 | 0 | 4 |
_221 _a509 / _bم ت |
| 100 | 0 | _aمصطفى محمود سليمان | |
| 245 | 1 | 0 |
_aتاريخ العلوم والتكنولوجيا فى العصور القديمة والوسطى ودور الحضارة الاسلامية فى تكوين الفكر الاوربى والنهضة الاوربية / _cمصطفى محمود سليمان |
| 250 | _aط.2، طبعة منقحة ومزيدة. | ||
| 260 |
_aالقاهرة : _bالهيئة المصرية العامة للكتاب، _c2017. |
||
| 300 |
_a1043 ص. : _bايض ؛ _c24 سم. |
||
| 504 | _aيشتمل على ارجاعات ببليوجرافية | ||
| 650 | 0 | 7 |
_2qrmak _aالعلوم _xتاريخ |
| 651 | _2qrmak | ||
| 942 |
_2ddc _cBK |
||